اثر التخطيط الاستراتيجي في تحقيق التنمية المستدامة في مجالس محافظات اقليم الشمال = The Impact Of Stractegic Planning In Achieving Sustainable Development In North Distict Governorates Councils / (Record no. 30491)
[ view plain ]
| 000 -LEADER | |
|---|---|
| fixed length control field | 01243nam a2200241Ii 4500 |
| 003 - CONTROL NUMBER IDENTIFIER | |
| control field | JO-AjNU |
| 005 - DATE AND TIME OF LATEST TRANSACTION | |
| control field | 20240702093945.0 |
| 008 - FIXED-LENGTH DATA ELEMENTS--GENERAL INFORMATION | |
| fixed length control field | 230605s9999||||xx |||||||||||||| ||und|| |
| 040 ## - CATALOGING SOURCE | |
| Original cataloging agency | JO-AjNU |
| Language of cataloging | ara |
| Description conventions | rda |
| Transcribing agency | JO-AjNU |
| 041 ## - LANGUAGE CODE | |
| Language code of text/sound track or separate title | ara |
| 050 14 - LIBRARY OF CONGRESS CALL NUMBER | |
| Classification number | HD30.28.2020 |
| 100 #1 - MAIN ENTRY--PERSONAL NAME | |
| Personal name | سغيفان، احمد ماجد |
| Relator term | معد |
| 9 (RLIN) | 65970 |
| 245 00 - TITLE STATEMENT | |
| Title | اثر التخطيط الاستراتيجي في تحقيق التنمية المستدامة في مجالس محافظات اقليم الشمال = The Impact Of Stractegic Planning In Achieving Sustainable Development In North Distict Governorates Councils / |
| Statement of responsibility, etc. | اعداد احمد ماجد سعيفان؛ بدر عايد القعيد |
| 264 31 - PRODUCTION, PUBLICATION, DISTRIBUTION, MANUFACTURE, AND COPYRIGHT NOTICE | |
| Place of production, publication, distribution, manufacture | 2020 |
| 300 ## - PHYSICAL DESCRIPTION | |
| Extent | 109 ورقة |
| 336 ## - CONTENT TYPE | |
| Content type term | text |
| Content type code | txt |
| Source | rdacontent |
| 337 ## - MEDIA TYPE | |
| Media type term | unmediated |
| Media type code | n |
| Source | rdamedia |
| 338 ## - CARRIER TYPE | |
| Carrier type term | volume |
| Carrier type code | nc |
| Source | rdacarrier |
| 500 ## - GENERAL NOTE | |
| General note | رسالة جامعية( رساة ماجستير في ادارة الاعمال)، جامعة عجلون الوطنية، كلية ادارة الاعمال(عجلون، الاردن)،2020 |
| 650 #4 - SUBJECT ADDED ENTRY--TOPICAL TERM | |
| Topical term or geographic name entry element | التنمية المستدامة - محافظات اقليم الشمال - الاردن |
| 9 (RLIN) | 59790 |
| 700 #1 - ADDED ENTRY--PERSONAL NAME | |
| Personal name | القعيد، بدر عايد |
| 9 (RLIN) | 64879 |
| Relator term | مشرف |
| 942 ## - ADDED ENTRY ELEMENTS (KOHA) | |
| Source of classification or shelving scheme | Library of Congress Classification |
| Koha item type | Thesis |
| Withdrawn status | Lost status | Source of classification or shelving scheme | Damaged status | Not for loan | Home library | Current library | Shelving location | Date acquired | Total Checkouts | Full call number | Barcode | Date last seen | Price effective from | Koha item type |
|---|---|---|---|---|---|---|---|---|---|---|---|---|---|---|
| Library of Congress Classification | مكتبة جامعة عجلون الوطنية | مكتبة جامعة عجلون الوطنية | المراجع | 06/06/2023 | HD30.28.2020 | A26923 | 06/06/2023 | 06/06/2023 | Thesis | |||||
| Library of Congress Classification | مكتبة جامعة عجلون الوطنية | مكتبة جامعة عجلون الوطنية | 02/07/2024 | HD30.28.2020 | a26924 | 02/07/2024 | 02/07/2024 | Thesis |